|
|
|
|
| LEADER |
00000nmm a22000007a 4500 |
| 003 |
UAHC |
| 005 |
20240424165145.0 |
| 008 |
221227s2021 cl |||| o||d 000 spa |
| 040 |
|
|
|a UAHC
|c UAHC
|
| 100 |
|
|
|9 16686
|a Panadés Rojas, Bastián Alfonso
|
| 245 |
1 |
3 |
|a El teatro laboratorio de Grotowski y el trabajo de las y los artistas escénicos en el teatro social
|c Bastián Alfonso Panadés Rojas ; profesor guía Guillermo Becar Ayala.
|
| 260 |
|
|
|a Santiago, Chile :
|b Universidad Academia de Humanismo Cristiano,
|c 2021.
|
| 300 |
|
|
|a 116 páginas.
|
| 500 |
|
|
|a Tesis para optar al grado académico de Licenciado/a en Artes.
|
| 502 |
|
|
|a Tesis (Licenciatura en Artes) -- Universidad Academia del Humanismo Cristiano, 2021.
|
| 516 |
|
|
|a Tesis electrónica (PDF). Solicitar documento de biblioteca@academia.cl.
|
| 520 |
|
|
|a El presente trabajo aborda el estudio del teatro laboratorio de Jerzy Grotowski y su vinculación con la manera de trabajar de las y los artistas escénicos dentro de lo que se denomina: teatro social. Se realizará una investigación sobre el laboratorio y sus elementos, así como del teatro social y la forma en que se enfrenta a la sociedad. La siguiente investigación es relevante porque busca incentivar a las y los artistas escénicos para que trabajen con un enfoque de laboratorio, más que uno metodológico, pedagógico o terapéutico, y así beneficiar a las personas o comunidades vinculadas. Mi motivación para realizar esta investigación se debe a mi paso por la escuela de teatro donde pude apreciar, de manera breve, la figura de Grotowski, su relación con el cuerpo, el trabajo sobre sí mismo y su perspectiva de cómo hacer teatro y desde donde. Este trabajo es un aporte a la disciplina de las artes escénicas, directamente a los estudios sobre Grotowski y sobre teatro social, dos conceptos que articulan la forma de trabajar de las y los artistas escénicos en su compromiso con comunidades y/o personas.
|
| 600 |
|
0 |
|9 16688
|a Grotowski, Jerzy
|d 1933-1999
|x Crítica e Interpretación
|
| 650 |
|
0 |
|9 798
|a Teatro
|x Aspectos sociales
|
| 700 |
|
|
|9 2695
|a Becar Ayala, Guillermo
|4 profesor guía
|
| 856 |
|
|
|u http://bibliotecadigital.academia.cl/xmlui/handle/123456789/6865
|y Disponible en línea (PDF). Biblioteca Digital UAHC
|
| 900 |
|
|
|a TPLA 03
|
| 942 |
|
|
|c TS
|2 ddc
|
| 952 |
|
|
|0 0
|1 0
|4 0
|6 TPLA_03_000000000000000
|7 0
|8 COMP
|9 97535
|a BS
|b BS
|c Digital
|d 2022-12-27
|o TPLA 03
|r 2022-12-27 00:00:00
|w 2022-12-27
|y TS
|z Documento en PDF
|B TEATRO
|
| 999 |
|
|
|c 60097
|d 60097
|